000 00533nam a2200193 a 4500
001 20951
003 VRT
005 20260207113159.0
008 240314s1948 xx 0 und c
035 _aSNK000337064
039 9 _a202403140923
_bVLOAD
040 _aSNK
_bslo
_cSNK
_eAACR2
100 1 _aČechov, Anton Pavlovič,
_d1860-1904
_4aut
245 1 0 _aŠvédska zápalka
260 _aTurč. Sv. Martin
_bMatica slovenská
_c1948
300 _a39 s.
942 _2ddc
_cKLDO
_n0
999 _c20951
_d20951